000
00266nam a2200097Ia 4500
008
190216s9999||||xx |||||||||||||| ||und||
100
_a
Narendra K Kulshrestha
245
0
_a
Theory And Practice Of Management Accounting
260
_b
Navman Prakashan
_c
1976
942
_c
BK
999
_c
4108
_d
4108